logo

Bir Sreshtho Munshi Abdur Rouf Library
Jhenaidah Cadet College

রাজকীয় উৎসর্গ / (Record no. 12667)

MARC details
000 -LEADER
fixed length control field 00659nam a2200217 a 4500
001 - CONTROL NUMBER
JCCL Control Number 12667
003 - CONTROL NUMBER IDENTIFIER
JCCL marc code BD-JhCC
005 - DATE AND TIME OF LATEST TRANSACTION
control field 20221112092342.0
008 - FIXED-LENGTH DATA ELEMENTS--GENERAL INFORMATION
fixed length control field 221112s2022 bg |||| |||| 000 0 ban d
020 ## - INTERNATIONAL STANDARD BOOK NUMBER
International Standard Book Number 9789849619352
035 ## - SYSTEM CONTROL NUMBER
system control number (BD-JhCC)12667
040 ## - CATALOGING SOURCE
Original cataloging agency BD-JhCC
Modifying agency BD-JhCC
041 ## - LANGUAGE CODE
Language code of Book Bangla
082 ## - DEWEY DECIMAL CLASSIFICATION NUMBER
Classification number 891.4435
Author mark and Year NOY 2022
100 ## - MAIN ENTRY--PERSONAL NAME
Personal name নয়ন, আল কাফি
245 ## - TITLE STATEMENT
Title রাজকীয় উৎসর্গ /
Statement of responsibility, etc আল কাফি নয়ন
260 ## - PUBLICATION, DISTRIBUTION, ETC. (IMPRINT)
Place of publication, distribution, etc ঢাকা :
Name of publisher, distributor, etc ভূমিপ্রকাশ,
Date of publication, distribution, etc ২০২২
300 ## - PHYSICAL DESCRIPTION
Pagination ৩২০ পৃ. :
Dimensions ২১ সেমি.
650 ## - SUBJECT ADDED ENTRY--TOPICAL TERM
Topical term or geographic name as entry element Short story
942 ## - ADDED ENTRY ELEMENTS (KOHA)
Source of classification or shelving scheme Dewey Decimal Classification
Koha item type Books
Holdings
Source of classification or shelving scheme Damaged status Not for loan Home library Current library Shelving location Date of accession Cost, normal purchase price Total Checkouts Full call number Barcode Date last seen Date checked out Copy number Koha item type
Dewey Decimal Classification     JCC Rouf Library JCC Rouf Library General Stacks 11/12/2022 360.00 1 891.4435 NOY 2022 17438 07/25/2024 07/18/2024 C-1 Books

JCC Library | Contacts | JCC Home

Last Update on 23 September 2017
Copyright @ 2017-2020 JCC Rouf Library
Rouf Library, Jhenidah Cadet College (JCC), Bangladesh